| 000 | 00967nam a2200241Ii 4500 | ||
|---|---|---|---|
| 003 | JO-AjNU | ||
| 008 | 230605s9999||||xx |||||||||||||| ||und|| | ||
| 017 | _a2007/27306 | ||
| 020 | _a977-408-801-8 | ||
| 040 |
_aJO-AjNU _bara _erda _cJO-AjNU |
||
| 041 | _aara | ||
| 050 | 1 | 4 | _aHB221.J2212.2008 |
| 100 | 3 |
_aجابور،اندري؛ترجمة باعتماد خالد العامري, _eauthor _933990 |
|
| 245 | 0 | 0 | _aسياسات التسعير:المفاهيم والطرق المختلفة للتسويق الفعال=PRICNG:Concepts and Methods for Effective Marketing |
| 250 | _aط1العربية/ط2الاجنبية | ||
| 264 | 3 | 1 | _aالقاهرة:دار الفاروق للنشر والتوزيع،2008 |
| 300 | _a368ص | ||
| 336 |
_atext _btxt _2rdacontent |
||
| 337 |
_aunmediated _bn _2rdamedia |
||
| 338 |
_avolume _bnc _2rdacarrier |
||
| 490 | 0 | _aمهارات التسويق الحديثة | |
| 650 | 4 |
_aالاسعار-العرض والطلب _933991 |
|
| 999 |
_aA13890 _c17458 _d17458 |
||